Sports Quiz

Random Sports or NFL Quiz

NFL Player Nicknames Quiz Stats

 Plays Quiz not verified by Sporcle

Challenge
Share
Tweet
Embed
Score 0/44 Timer 10:00
0 Plays Today
Player Nickname % Correct
Deion SandersPrime Time
90.8%
Walter PaytonSweetness
78.9%
Joe GreeneMean Joe
69.7%
Dick LaneNight Train
69.7%
O.J. SimpsonJuice
68.8%
Ken Stabler & Jake PlummerThe Snake
67.9%
Adrian PetersonAll Day
67%
Joe NamathBroadway
62.4%
Calvin JohnsonMega-Tron
56%
Ed JonesToo Tall
49.5%
Reggie WhiteThe Minister Of Defense
48.6%
Shawne MerrimanLights Out
48.6%
Darren McFaddenRUN DMC
40.4%
Sammy BaughSlingin
39.4%
Christian OkoyeThe Nigerian Nightmare
37.6%
Marshawn LynchBeast Mode
36.7%
Elroy HirschCrazy Legs
34.9%
Daryl JohnstonMoose
32.1%
Michael IrvinThe Playmaker
31.2%
Andre RisonBad Moon
30.3%
Mike DitkaIron Mike
27.5%
Red Grange The Galloping Ghost
26.6%
Player Nickname % Correct
George HalasPapa Bear
26.6%
Randy MossSuper Freak
15.6%
Roger StaubachCaptain Comeback
14.7%
Ted HendricksThe Mad Stork
13.8%
Jim EverettChris
12.8%
Donte Hall The Human Joystick
12.8%
Brian DawkinsWeapon-X
12.8%
Stephen BakerTouchdown Maker
11%
Torry HoltBig Game
10.1%
Ricky WattersRunning Watters
10.1%
Darrent Williams- RIPD-Will
9.2%
Gilbert BrownGravedigger
7.3%
Curtis MartinCurtis My Favorite Martin
6.4%
Percy HarvinNo Mercy Percy
5.5%
Carl PickensSlim
4.6%
Skip ThomasDoctor Death
4.6%
Thurman ThomasThurmanator
4.6%
Jeremiah TrotterAxe Man
3.7%
Ahman GreenBatman
3.7%
Ryan LeafCry Me A River
2.8%
Drew BledsoeTransfusion
2.8%
Jerry RiceLightning 80
1.8%

You're not logged in!

Compare scores with friends on all Sporcle quizzes.
OR
Log In

You Might Also Like...

Show Comments

Extras

Created Mar 26, 2011ReportNominate
Tags:NFL Quiz, nickname, player

Top Quizzes Today


Score Distribution

Your Account Isn't Verified!

In order to create a playlist on Sporcle, you need to verify the email address you used during registration. Go to your Sporcle Settings to finish the process.

Report this User

Report this user for behavior that violates our Community Guidelines.

Details: